LIBRARY & INFORMATION CENTRE, KCAET, TAVANUR

ONLINE PUBLIC ACCESS CATALOGUE (OPAC)

Ragasangadhara / (Record no. 12230)

MARC details
000 -LEADER
fixed length control field 00415cam a2200169ua 4500
041 ## - LANGUAGE CODE
Language code of text/sound track or separate title eng
082 ## - DEWEY DECIMAL CLASSIFICATION NUMBER
Classification number 891.43
Item number MAD/RA
100 ## - MAIN ENTRY--AUTHOR NAME
Personal name Madanamohansha, .
245 ## - TITLE STATEMENT
Title Ragasangadhara /
260 ## - PUBLICATION, DISTRIBUTION, ETC. (IMPRINT)
Place of publication :
Name of publisher The chowkhamba Vidyabhavan ,
Year of publication 1969.
300 ## - PHYSICAL DESCRIPTION
Number of Pages 799 ; .
942 ## - ADDED ENTRY ELEMENTS (KOHA)
Koha item type Books
Holdings
Withdrawn status Lost status Damaged status Home library Current library Date acquired Full call number Accession Number Koha item type
Withdrawn     KAUAET Sanskrit University 07/04/2012 891.43 12566 Books
free website counter